5 lingue più parlate in Europa - Statistics

Statistiche generali
  • Questo quiz è stato fatto 783 volte
  • Il punteggio medio è 5 su 5
Statistiche sulle risposte
% Linguaggio % Corretto
38 Inglese
98%
12 Francese
96%
7 Spagnolo
93%
11 Tedesco
93%
5 Russo
74%
Nessun quiz corrispondente trovato
Distribuzione punteggi
Percentuale di utenti per punteggio
Percentile per numero di risposta
I tuoi punteggi nel tempo
Non hai fatto questo quiz